| 000 | 01140nam a2200265 u 4500 | ||
|---|---|---|---|
| 001 | 000002645 | ||
| 003 | DO-SdBNP | ||
| 005 | 20240412134606.0 | ||
| 008 | 090703s1989 dr r 000 0 spa d | ||
| 040 |
_aDO-SdBNP _bspa _cBNPHU |
||
| 082 |
_a330.97293 _bC314h |
||
| 100 | 1 |
_aCarreño, Nelson. _98337 |
|
| 245 | 1 | 0 |
_aHistoria económica dominicana : _bnuevos enfoques y nuevos problemas : agricultura y crecimiento económico, siglos XIX y XX / _cNelson Carreño. |
| 260 |
_aSantiago : _bUTESA, _c1989. |
||
| 300 |
_a283p ; _c21cm. |
||
| 590 | _aInventariado, 2018/ YL | ||
| 650 | 4 |
_aIndustria azucarera _zRepública Dominicana _xHistoria _ySiglo XIX _98338 |
|
| 650 | 4 |
_aIndustria azucarera _zRepública Dominicana _xHistoria _ySiglo XX _98339 |
|
| 650 | 4 |
_aAgricultura _xRepública dominicana _xHistoria _ySiglo XIX _98340 |
|
| 650 | 4 |
_aAgricultura _xRepública dominicana _xHistoria _ySiglo XX _98341 |
|
| 651 | 4 |
_aRepública Dominicana _xCondiciones económicas _xHistoria _ySiglo XIX _98342 |
|
| 651 | 4 |
_aRepública Dominicana _xCondiciones económicas _xHistoria _ySiglo XX _98343 |
|
| 910 | _aValidado. Control de calidad MFF | ||
| 942 |
_2ddc _cLBS1 |
||
| 999 |
_c2481 _d2481 |
||